| 000 | 00447nam a22001817a 4500 | ||
|---|---|---|---|
| 003 | MPLRDC | ||
| 005 | 20220104123429.0 | ||
| 008 | 210129b ||||| |||| 00| 0 eng d | ||
| 020 | _a7-81023-392-0 | ||
| 082 | _a413.92 ZHL | ||
| 100 | _a周华龙编著 | ||
| 245 |
_a家庭推拿保健医术 _c |
||
| 250 | _a一版一刷 | ||
| 260 |
_a _b东南大学出版社 _c1991 |
||
| 300 | _b平 | ||
| 650 | _a推拿; 按摩 | ||
| 942 |
_cBK _o413.92 ZHL |
||
| 999 |
_c11368 _d11358 |
||